000 00654nam a22002057a 4500
999 _c9049
_d9049
003 AR-CdUCM
008 190327b ||||| |||| 00| 0 spa d
040 _aMUNICIPALIDAD PROVINCIAL DEL CUSCO
_cBIBLIOTECA MUNICIPAL DEL CUSCO
082 _a860.61 /
_bC46
100 _aCéspedes Toro, Ovidio
_925013
245 _aMatices /
260 _aBolivia :
_bUniversidad Mayor de San Francisco Xavier ,
_c1967.
300 _a41 páginas ;
_c20.5 cm.
500 _aContiene dedicatoria a Luis Nieto
650 _aPoesia Boliviana
_92577
650 _aPoesia Latinoamericana
_92147
650 _aPoesia Indigenista
_916794
942 _2ddc
_cLIBROS
945 _artm